Amuleta Fascinis Kwiatkiewiczianis Opposita, Sive, Disputatio Prior, Qua Defensionem Doctrinae Lutheranae, Annuente Numine

Bibliographic Details
Main Authors: Wegner, Gottfried, 1644-1709 (Author), Hoynovius, Daniel, 1667-1700 (Author, Dissertant)
Corporate Author: Reusner, Friedrich - dedičia (Königsberg, Nemecko) (Printer)
Format: Book
Language:German
Latin
PhysicalDescription:92 strán 19 cm
Published: Regiomontani Typis Reusnerianis Anno MDCXCVII [=1697]
Subjects:

MARC

LEADER 00000nam a2200000 a 4500
001 vtls011744809
003 SK-MaSNL
005 20260301182913.0
008 251112s1697 gw 000 0 ger
015 |a SNBHFA1697 
040 |a SNKHF  |b slo  |c SNK  |e AACR2 
041 0 |a lat 
044 |a gw  |c DE 
072 7 |a 2  |x Náboženstvo  |2 konspekt 
072 7 |a 27  |x Kresťanstvo. Kresťanská cirkev všeobecne. Ekleziológia  |2 konspekt 
080 |a 21/29-1/-9  |2 2011 
080 |a 27  |2 2011 
080 |a 2-1  |2 2011 
080 |a 274/278  |2 2011 
080 |a 316.776  |2 2001 
080 |a 27-722.7  |2 2011 
100 1 |a Wegner, Gottfried,  |d 1644-1709  |4 aut  |9 430399 
245 1 0 |a Amuleta Fascinis Kwiatkiewiczianis Opposita, Sive, Disputatio Prior, Qua Defensionem Doctrinae Lutheranae, Annuente Numine  |c Dn. Godofreidi Wegneri [...] ; M. Daniel Hoynovius 
260 |a Regiomontani  |b Typis Reusnerianis  |c Anno MDCXCVII [=1697] 
300 |a 92 strán  |c 19 cm 
500 |a Kustódy, iniciálka s ornamentálnym pozadím na 5 r. 
501 |a Príväzok 7. k: HEBENSTREIT, Johann Paul. Dissertatio Theologica De Avgvstanae Confessionis Avctoritate. Jenae : Literis Christophori Krebsii, M DCCVI [=1706].  |5 SNK ID 100153 
508 |a Predslov autora 
546 |a Latinčina  |b Antikva  |b Kurzíva 
561 |a Z knižnice Učenej spoločnosti malohontskej.  |5 SNK ID 100153/prív.7 
563 |a Chýba väzba na chrbte knihy.  |5 SNK ID 100153/prív.7 
650 0 7 |a teológia  |2 SNKPH  |9 1814 
650 0 7 |a protestanské cirkvi  |2 SNKPH  |9 67715 
650 0 7 |a dišputy  |2 SNKPH  |9 112339 
650 0 7 |a katolíci  |2 SNKPH  |9 4025 
700 1 |a Hoynovius, Daniel,  |d 1667-1700  |4 aut  |4 dis  |9 557408 
700 1 |a Barfus, Johann Albrecht Graf von,  |c generál,  |d 1635-1704  |4 hnr  |9 557409 
700 1 |a Kwiatkiewicz, Jan,  |d 1630-1703  |4 aqt  |9 557410 
710 2 |a Učená spoločnosť malohontská  |4 fmo  |9 205374 
710 0 |a Reusner, Friedrich - dedičia (Königsberg, Nemecko),  |d 1678-1722  |4 prt  |9 557411 
752 |a Nemecko  |d Königsberg 
852 |a snk  |b Historické fondy  |p ID 100153/prív.7 
958 |a ONDV 
999 |c 855199  |d 857129 
952 |t MHC II.B.e.IX  |a SNK  |b SNK  |c SNK_HF  |y PREZ  |7 0  |p 17A1299769  |o snkID 100153/prív.7  |i snk2018/5339  |8 5  |0 0  |1 0  |4 0  |d 2018-03-06  |f 2  |l 0  |r 2026-02-24 04:54:24  |w 2026-02-24